La Filosofía trascendental

محفوظ في:
التفاصيل البيبلوغرافية
المؤلف الرئيسي: Fardwel, Willian, Dr
التنسيق: كتاب
اللغة:Undetermined
منشور في: Madrid, España Editorial Caro Raggio [s.f.]
الموضوعات:
الوسوم: إضافة وسم
لا توجد وسوم, كن أول من يضع وسما على هذه التسجيلة!

MARC

LEADER 00000nam a2200000Ia 4500
008 170316s9999 xx 000 0 und d
090 |a 100 F-2.1f 
100 |a Fardwel, Willian, Dr. 
245 |a La Filosofía trascendental 
260 |a Madrid, España 
260 |b Editorial Caro Raggio 
260 |c [s.f.] 
300 |a 247 páginas 
650 |a FILOSOFÍA 
999 |c 16155  |d 16155 
040 |a cru BVZT 
942 |c 15 D  |h 100 F-2.1f  |2 z